| 000 | 01802nam a22003497a 4500 | ||
|---|---|---|---|
| 001 | 310 | ||
| 003 | OSt | ||
| 005 | 20250528074017.0 | ||
| 008 | 250325b |||||||e |||| 00| f eng d | ||
| 040 | _bpor | ||
| 041 |
_heng _apor |
||
| 082 |
_a028.5 _bS977v |
||
| 100 | 1 |
_aSwift, Jonathan, _d1667-1745 _9577 |
|
| 240 | _aGulliver’s Travels | ||
| 245 |
_aViagens de Gulliver / _cSwift, Jonathan ; Tradução, adaptação, apresentação e notas de Paulo Sergio de Vasconcellos |
||
| 260 |
_aSão Paulo _bSol _c2000 |
||
| 300 | _a136 p. | ||
| 490 | 1 | _aObjetivo | |
| 520 | _aÉ difícil encontrar quem não tenha ao menos ouvido falar de Gulliver, que visitou o país onde os homens eram pequeníssimos. Afinal, o livro de Jonathan Swift é um daqueles poucos clássicos que criam personagens quase míticas, revividas de geração a geração. Assim, mesmo quem não leu Viagens de Gulliver, de algum modo teve sua imaginação tocada pela obra. Mas para seus bons leitores, o livro reserva muito mais que aventura de um viajante por um país de seres e objetos de tamanho reduzido, e muito mais que um puro relato de aventuras, pois nele são impiedosamente satirizadas as mesquinharias da política, as pretensões da vaidade e do orgulho, a sede de poder e outros vícios e crimes de que é capaz o homúnculo-Yahoo de todas as épocas e de todos os países. | ||
| 650 | 0 |
_aLiteratura Inglesa _989 |
|
| 650 | 0 |
_aAdaptação _9788 |
|
| 650 | 0 |
_aInfantojuvenil _9200 |
|
| 650 | 0 |
_aClássicos _977 |
|
| 650 | 0 |
_aCrítica social _9514 |
|
| 650 | 0 |
_aPolitica _9138 |
|
| 650 | 0 |
_aViagens _9189 |
|
| 655 | 0 |
_aRomance _923 |
|
| 655 | 0 |
_aFicção _922 |
|
| 700 |
_aPaulo Sérgio de Vasconcellos _eTradução _eAdaptação _eApresentação _eNotas _9614 |
||
| 830 |
_aObjetivo _9615 |
||
| 942 |
_2ddc _n0 _cBK |
||
| 999 |
_c310 _d310 |
||